| Tag |
First Indicator |
Second Indicator |
Subfields |
| LEADER |
00000cam a2200000 i 4500 |
| 001 |
in00000063100 |
| 005 |
20151008051139.0 |
| 008 |
730510r19721971oru bb 00010 eng d |
| 035 |
|
|
|a (OCoLC)00619832
|
| 035 |
|
|
|9 AAG6045AM
|
| 040 |
|
|
|c MIA
|d TXA
|d UtOrBLW
|
| 049 |
|
|
|a TXAI
|
| 099 |
|
|
|a fiche
|a C
|a 1405
|
| 100 |
1 |
|
|a Bird, Evelyn Isabelle,
|d 1928-
|
| 245 |
1 |
2 |
|a A longitudinal and cross-sectional personality assessment of women ice hockey players /
|c by Evelyn Isabelle Bird.
|
| 264 |
|
1 |
|a Eugene, Ore :
|b Bird,
|c 1971.
|
| 300 |
|
|
|a 222 leaves ;
|c 28 cm.
|
| 336 |
|
|
|a text
|b txt
|2 rdacontent
|
| 337 |
|
|
|a microform
|b h
|2 rdamedia
|
| 338 |
|
|
|a microfiche
|b he
|2 rdacarrier
|
| 500 |
|
|
|a Vita.
|
| 500 |
|
|
|a Microfiche (negative) of typescript. Eugene : Microform Publications, College of Health, Physical Education and Recreation, University of Oregon, 1972. -- 3 sheets ; 10.5 x 14.8 cm.
|
| 502 |
|
|
|c University of Oregon.
|
| 504 |
|
|
|a Bibliography: leaves 213-222.
|
| 500 |
|
|
|a Microform.
|
| 650 |
|
0 |
|a Personality assessment.
|
| 650 |
|
0 |
|a Women athletes.
|
| 999 |
|
|
|a MARS
|
| 999 |
f |
f |
|s 1a5bd66e-01f8-3a4d-b63d-91ef52eded0a
|i 1b67607c-63cb-3f2d-aed3-afe34f913385
|t 0
|
| 952 |
f |
f |
|p normal
|a Texas A&M University
|b College Station
|c Sterling C. Evans Library
|d Evans: Microforms (3rd floor)
|t 0
|e fiche C 1405
|h Other scheme
|i microform -- microfiche
|m A14820663566
|
| 998 |
f |
f |
|a fiche C 1405
|t 0
|l Evans: Microforms (3rd floor)
|